00486nam a2200145Ia 4500008004100000082001000041082000800051245006700059245004400126260004400170300000900214942000800223999001900231952009000250231017s9999 xx 000 0 und d a388.1 bTRB 0aTrip generation rates for urban infill land uses in California 0cCalifornia Department of Transportation bCalifornia Department of Transportation c30cm cREP c605359d605359 00104070aNITbNITd2023-10-17l0o388.1 TRBpNIT-4056r2023-10-17w2023-10-17yREP